000 00459nam a2200217Ia 4500
003 IT-RoPAU
008 120407s9999 xx 000 0 und d
040 _aIT-RoPAU
040 _cIT-RoPAU
041 _aita
100 _aAndrè Arnoux
245 _aLe vie della felicità. Esperienze di vita
250 _aPescara
260 _aEdizioni Paoline
260 _c1960
300 _c cm
490 _aUt in
490 _v1
942 _cBK
999 _c240
_d240